000
00322nam a2200133Ia 4500
005
20250429064028.0
008
240331s9999 xx 000 0 und d
082
_b
PAR
_a
294
245
0
_a
Bagawath Geethi
260
_a
Chennai
_b
Kizhakku Pathi[ppagam
_c
2004
300
_a
152 p .,
700
_a
Baradhie,M.
_e
edt
942
_c
L
999
_c
4755
_d
4755